000 00613nam a22001937a 4500
999 _c20843
_d20843
003 AR-CdUCM
008 190606b ||||| |||| 00| 0 spa d
040 _aMUNICIPALIDAD PROVINCIAL DEL CUSCO
_cBIBLIOTECA MUNICIPAL DEL CUSCO
082 _a947.084 /
_bS83
100 _aStruve, M.
_943525
245 _aURSS :
_bcifras y hechos/
260 _aMoscù :
_bLenguas Exttranjeras,
_c1957.
300 _a19 páginas;
_c16 cm.
505 _aContenido: Generalidades -- Territorio, naturaleza y clima -- Población...
650 _aURSS
_92690
650 _aSiglo XX
_98
942 _2ddc
_cLIBROS
945 _aJavier